Los problemas del financiamiento de la pequeña y mediana empresa (Registro nro. 22940)

Detalles MARC
000 -LEADER
fixed length control field 00390 a2200121 4500
001 - CONTROL NUMBER
control field ART_5673
005 - DATE AND TIME OF LATEST TRANSACTION
control field 20260410161828.0
008 - FIXED-LENGTH DATA ELEMENTS--GENERAL INFORMATION
fixed length control field 260409a
100 1# - MAIN ENTRY--PERSONAL NAME
Personal name Salloum, Damián
245 10 - TITLE STATEMENT
Title Los problemas del financiamiento de la pequeña y mediana empresa
700 1# - ADDED ENTRY--PERSONAL NAME
Personal name Vigier, Hernán
773 0# - HOST ITEM ENTRY
Title Estudios Económicos
Related parts - Vol. 13, Nº 29/30 (ene./dic. 1997)
Record control number REV5080

No hay ítems disponibles.